The Impugner (Record no. 118821)

MARC details
000 -LEADER
fixed length control field 00750cas a22002175a 4500
001 - CONTROL NUMBER
control field L130964
008 - FIXED-LENGTH DATA ELEMENTS--GENERAL INFORMATION
fixed length control field 050920d19921999xxkzx p eng u
035 ## - SYSTEM CONTROL NUMBER
System control number (Sirsi) u130964
041 0# - LANGUAGE CODE
Language code of text/sound track or separate title eng
110 2# - MAIN ENTRY--CORPORATE NAME
Corporate name or jurisdiction name as entry element Royal Institution of Chartered Surveyors
9 (RLIN) 4900
245 04 - TITLE STATEMENT
Title The Impugner
Remainder of title Quarterly Journal of the RICS Rating Diploma Holders' Section
260 ## - PUBLICATION, DISTRIBUTION, ETC.
Place of publication, distribution, etc. London
Name of publisher, distributor, etc. RICS
Date of publication, distribution, etc. 1992-[1999]
362 ## - DATES OF PUBLICATION AND/OR SEQUENTIAL DESIGNATION
Dates of publication and/or sequential designation London: March 1992-3(3) July 1999
362 0# - DATES OF PUBLICATION AND/OR SEQUENTIAL DESIGNATION
Dates of publication and/or sequential designation London: 3(1) April 1999-3(3) July 1999
362 0# - DATES OF PUBLICATION AND/OR SEQUENTIAL DESIGNATION
Dates of publication and/or sequential designation Edinburgh: 3(1) April 1999-3(3) July 1999
554 ## -
-- irregular
651 #4 - SUBJECT ADDED ENTRY--GEOGRAPHIC NAME
Geographic name ENGLAND AND WALES
690 ## - LOCAL SUBJECT ADDED ENTRY--TOPICAL TERM (OCLC, RLIN)
Topical term or geographic name as entry element PROPERTY-PROPERTY TAXATION
780 00 - PRECEDING ENTRY
Title Rating Diploma
Edition Newsletter of the RICS Rating Diploma Holder's Section
942 ## - ADDED ENTRY ELEMENTS (KOHA)
Suppress in OPAC 0
Holdings
Withdrawn status Lost status Source of classification or shelving scheme Damaged status Not for loan Home library Current library Shelving location Date acquired Total Checkouts Full call number Barcode Date last seen Price effective from Koha item type
    Dewey Decimal Classification     London London Basement 20/09/2005   IMPUGNER 130964-1001 06/08/2019 06/08/2019 Journal
    Dewey Decimal Classification     London London Basement 21/08/2007   IMPUGNER 130964-1002 06/08/2019 06/08/2019 Journal